[Event "2004 WA Championship"]
[Site "?"]
[Date "2004.08.01"]
[Round "5"]
[White "Maris, Natalie"]
[Black "Hessing, Rod"]
[Result "1/2-1/2"]
[WhiteElo "1592"]
[BlackElo "1675"]

1. e4 d5 2. exd5 Qxd5 3. Nc3 Qa5 4. d4 Nf6 5. Bc4 Bg4 6. Nf3 e6 7. O-O c6 8. Bf4 Be7 9. h3 Bh5 10. a3 O-O 11. Re1 Nbd7 12. Qd3 Bg6 13. Qe2 Qf5 
14. Qd2 Qxc2 15. Qxc2 Bxc2 16. Ng5 Nb6 17. Ba2 Nbd5 18. Nxd5 Nxd5 
19. Bd2 Bxg5 20. Bxg5 f6 21. Bd2 Kf7 22. Rac1 Bg6 23. b4 a6 24. Bb3 Rfe8 25. a4 Nc7 26. Bf4 Nd5 27. Bd2 Bd3 28. Bc3 Rad8 29. Bd2 g5 30. Bd1 e5 31. dxe5 Nf4 32. Bxf4 gxf4 33. Bb3+ Kg6 34. e6 Bf5 35. Re2 f3 36. gxf3 Rd3 37. Bc4 Rxf3 38. Rd1 Rc3 39. Ba2 Bxh3 40. Rd7 Bg4 41. Re1 Rh3 42. f4 Bf5 43. Rxb7 Rg8 44. e7 Re8 45. Rc7 h5 46. Kg2 Rc3 47. Kg1 Rc2 48. Bb1 Rc4 49. Bxf5+ Kxf5 50. b5 Rxf4 51. Re2 cxb5 52. Rc5+ Kg6 53. axb5 axb5 54. Rxb5 Rg4+ 55. Kf2 Rg5 56. Rb6 Kf7 57. Ree6 h4 58. Re3 Rf5+ 59. Kg2 Rd5 60. Re4 Rd7 61. Rxh4 Rdxe7 62. Rb3 Rg8+ 63. Kf1 Rg7 64. Rf4 Rg6 65. Rbf3 Re5 66. Kf2 Ke6 67. Kf1 f5 68. Ra4 Kf6 69. Ra6+ Re6 70. Ra5 Rg5 71. Kf2 Rd6 72. Rf4 Re6 73. Kf3 Rh5 74. Kf2 Re5 75. Ra8 Kg5 76. Rf3 Re7 77. Rf8 1/2-1/2

[Event "2004 WA Championship"]
[Site "?"]
[Date "2004.08.01"]
[Round "5"]
[White "Maris, Fred"]
[Black "Ellis, David"]
[Result "0-1"]
[WhiteElo "1564"]
[BlackElo "2034"]

1. e4 Nc6 2. Nf3 e6 3. d4 d5 4. exd5 exd5 5. Bb5 Bd6 6. O-O Bg4 7. Re1+ Ne7 8. Bg5 f6 9. Bh4 Qd7 10. Nbd2 O-O-O 11. c4 g5 12. c5 Bxh2+ 13. Kxh2 gxh4 14. Qa4 Bxf3 15. Rxe7 Qg4 16. Rxc7+ Kxc7 17. Nxf3 h3 18. Rg1 hxg2 19. Rxg2 Qh5+ 20. Kg1 Rhg8 21. Bxc6 Qxf3 22. Qa5+ Kxc6 23. Qa4+ Kc7 24. Rxg8 Rxg8+ 25. Kf1 Qd3+ 0-1

[Event "2004 WA Championship"]
[Site "?"]
[Date "2004.08.01"]
[Round "5"]
[White "Zylstra, Peter"]
[Black "Walker, Colin"]
[Result "0-1"]
[WhiteElo "1263"]
[BlackElo "1372"]

1. e4 e5 2. Bc4 Nf6 3. d3 Be7 4. Nf3 d6 5. h3 O-O 6. a3 Nbd7 7. Nc3 a6 
8. Be3 c6 9. Bxf7+ Rxf7 10. Ng5 Nb6 11. Nxf7 Kxf7 12. Qf3 d5 13. Bg5 Kg8 14. Bxf6 Bxf6 15. Ne2 Be6 16. b3 Nd7 17. Ng3 Qa5+ 18. b4 Qa4 19. Qd1 c5 20. O-O cxb4 21. axb4 Qb5 22. exd5 Qxd5 23. Ne4 Be7 24. Qd2 Nf6 25. f3 Nxe4 26. fxe4 Qd4+ 27. Kh1 Bxb4 28. Qe2 Be7 29. Rac1 Rc8 30. Rf3 Qb2 31. Qd1 b5 32. Kh2 Bg5 33. Rb1 Qc3 34. Rf2 Be3 35. Re2 Bd4 36. Rb3 Bxb3 37. cxb3 Qc1 38. Qxc1 Rxc1 39. Ra2 Rc6 40. g4 h6 41. h4 g6 42. Kg3 Kg7 43. g5 b4 44. gxh6+ Kxh6 45. Ra5 Kh5 46. Rd5 g5 47. Rd8 gxh4+ 48. Kh3 Rc3 49. Rh8+ Kg5 0-1

[Event "2004 WA Championship"]
[Site "?"]
[Date "2004.08.01"]
[Round "5"]
[White "Lubtschenko, Wally"]
[Black "Haselgrove, Miles"]
[Result "0-1"]
[WhiteElo "1663"]
[BlackElo "1481"]

1. d4 Nf6 2. Bg5 Ne4 3. Bh4 d5 4. e3 c6 5. Bd3 Bf5 6. c3 Qb6 7. Qc2 e6 
8. b4 a5 9. f3 Nd6 10. e4 Bg6 11. a3 axb4 12. Ra2 dxe4 13. fxe4 b3 
14. Qb2 Bxe4 15. Bxe4 Nc4 0-1

[Event "2004 WA Championship"]
[Site "?"]
[Date "2004.08.01"]
[Round "5"]
[White "McCamon, Boyd"]
[Black "Fedec, John"]
[Result "1-0"]
[WhiteElo "2145"]
[BlackElo "1714"]

1. e4 c5 2. Nf3 d6 3. c3 Nc6 4. Be2 g6 5. d4 cxd4 6. cxd4 Bg7 7. O-O e6 
8. Re1 Nge7 9. d5 exd5 10. exd5 Ne5 11. Nd4 O-O 12. Nc3 Nf5 13. Nxf5 Bxf5 14. f4 Nd7 15. g4 Qb6+ 16. Kh1 Bxc3 17. bxc3 Be4+ 18. Bf3 Bxf3+ 19. Qxf3 Rae8 20. Be3 Nc5 21. Bd4 Qd8 22. Qh3 Rxe1+ 23. Rxe1 Re8 24. Rf1 Re2 25. Rf3 Qe7 26. Qxh7+ 1-0

[Event "2004 WA Championship"]
[Site "?"]
[Date "2004.08.01"]
[Round "5"]
[White "Maris, Robert"]
[Black "Payne, Sophie"]
[Result "1-0"]
[WhiteElo "1949"]
[BlackElo "1681"]

1. d4 Nf6 2. c4 g6 3. Nc3 Bg7 4. e4 d6 5. f3 O-O 6. Be3 e5 7. Nge2 Nc6 
8. d5 Ne7 9. Qd2 c6 10. dxc6 bxc6 11. Rd1 Ne8 12. c5 d5 13. exd5 cxd5 
14. Nxd5 Nxd5 15. Qxd5 Qxd5 16. Rxd5 Be6 17. Rd2 Bxa2 18. Nc3 Be6 19. Ba6 Nc7 20. Bb7 Rad8 21. Rxd8 Rxd8 22. c6 e4 23. fxe4 Bd4 24. Kf2 Bb3 25. Ra1 Bb6 26. Bxb6 axb6 27. Ke3 Re8 28. Ra3 Bc4 29. b3 Bf1 30. Kf2 Bd3 31. Nd5 Nxd5 32. exd5 Re2+ 33. Kf3 Rc2 34. d6 f5 35. c7 1-0

[Event "2004 WA Championship"]
[Site "?"]
[Date "2004.08.01"]
[Round "5"]
[White "Slack-Smith, Blair"]
[Black "Klimczak, Joe"]
[Result "1-0"]
[WhiteElo "1098"]
[BlackElo "1398"]

1. e4 c5 2. Nf3 d6 3. d4 cxd4 4. Nxd4 Nf6 5. f3 a6 6. Bc4 e5 7. Nb3 Nc6 
8. Be3 b5 9. Be2 Be6 10. c3 Be7 11. O-O O-O 12. Qc2 Qc7 13. Bd3 h6 14. N1d2 Rac8 15. Rfc1 Rfd8 16. Bf2 d5 17. Nc5 Bxc5 18. Bxc5 d4 19. Nb3 Bxb3 20. axb3 Qd7 21. Rd1 Qb7 22. Kf1 a5 23. Qe2 b4 24. Ba6 Qc7 25. cxd4 Nd7 26. Bxc8 Nxc5 27. dxc5 Nd4 28. Rxd4 Rxd4 29. Bg4 Qxc5 30. Rd1 Qd6 31. Rxd4 Qxd4 32. h3 g6 33. Bc8 Kg7 34. Ke1 Qc5 35. Qc4 Qg1+ 36. Qf1 Qe3+ 37. Qe2 Qxb3 38. Bb7 a4 39. Bd5 1-0

[Event "2004 WA Championship"]
[Site "?"]
[Date "2004.08.01"]
[Round "5"]
[White "Markou, Victor"]
[Black "Bailye, Ron"]
[Result "0-1"]
[WhiteElo "1506"]
[BlackElo "1290"]

1. e4 e5 2. Nf3 d6 3. g3 Nf6 4. d3 Be7 5. Bg2 O-O 6. O-O Bg4 7. Nbd2 Nbd7 8. Re1 h5 9. Nf1 Nh7 10. Ne3 Be6 11. Nf5 Bxf5 12. exf5 c6 13. c3 h4 14. Qe2 hxg3 15. fxg3 Ndf6 16. h3 Qd7 17. g4 Rae8 18. Be3 a6 19. Nd2 Nd5 20. Ne4 Nxe3 21. Qxe3 Qd8 22. Re2 Nf6 23. Rf1 Nd5 24. Qf3 Nf4 25. Rc2 d5 26. Ng3 Bg5 27. Ne2 Nxg2 28. Kxg2 Qf6 29. Ng3 Qh6 30. Nh5 g6 31. Ng3 Bf4 32. Rh1 Kh7 33. h4 Bxg3 34. Kxg3 gxf5 35. Qxf5+ Qg6 36. Rf2 Re6 37. Rhf1 Kg7 38. g5 Qxf5 39. Rxf5 e4 40. d4 e3 41. Re1 Kg6 42. Rf4 e2 43. Kf3 Rfe8 44. Kf2 Re4 45. Rf6+ Kg7 46. Kg3 Re3+ 47. Rf3 Kg6 48. Kf2 Rxf3+ 49. Kxf3 Kh5 50. Rxe2 Rxe2 51. Kxe2 Kxh4 52. Kf3 Kxg5 53. b3 b5 54. a3 f5 55. b4 f4 56. Kg2 Kg4 57. Kf2 f3 0-1

[Event "2004 WA Championship"]
[Site "?"]
[Date "2004.08.01"]
[Round "5"]
[White "Deheer, Alex"]
[Black "O'Donoghue, Brett"]
[Result "1-0"]
[WhiteElo "1559"]
[BlackElo "1406"]

1. e4 c5 2. Nf3 Nc6 3. d4 cxd4 4. Nxd4 e6 5. Nc3 a6 6. Bc4 Nge7 7. Be3 b5 8. Bb3 Nxd4 9. Bxd4 Nc6 10. Ne2 Nxd4 11. Qxd4 Bb7 12. O-O-O f6 13. Qe3 Qc7 14. Qg3 Qxg3 15. Nxg3 Rd8 16. Rhe1 h5 17. Re2 h4 18. Nf5 Kf7 19. Nd6+ Bxd6 20. Rxd6 Ke7 21. Rb6 Bc8 22. f4 d6 23. a4 Rd7 24. axb5 axb5 25. Rd2 Rh5 26. e5 fxe5 27. Rxb5 Rb7 28. Ra5 d5 29. Bxd5 exd5 30. Rdxd5 Rd7 31. Rxe5+ Rxe5 32. Rxe5+ Kf6 33. c3 g6 34. Re3 Re7 35. Rxe7 Kxe7 36. Kd2 Kf6 37. Ke3 Kf5 38. g3 hxg3 39. hxg3 Kg4 40. b3 Kxg3 41. c4 Be6 42. Ke4 Bf7 43. Ke5 Be8 44. b4 Kg4 45. b5 Bd7 46. b6 Bc6 47. c5 Bb7 48. Kd6 Kxf4 49. c6 Bxc6 50. Kxc6 g5 51. b7 g4 52. b8=Q+ Kf3 53. Qf8+ Kg2 54. Kd5 g3 55. Ke4 Kg1 56. Kf3 g2 57. Qg7 1-0

[Event "2004 WA Championship"]
[Site "?"]
[Date "2004.08.01"]
[Round "5"]
[White "Garcia, Mat"]
[Black "Shaw, Robin"]
[Result "0-1"]
[WhiteElo "1452"]
[BlackElo "1669"]

1. e4 g6 2. d4 Bg7 3. f4 c5 4. Nf3 cxd4 5. Nxd4 Qb6 6. c3 Nc6 7. Nb3 d6 
8. Qf3 Nf6 9. Be3 Qc7 10. h3 Bd7 11. Bd3 Na5 12. Na3 Nxb3 13. axb3 a6 
14. Nc4 Bc6 15. Bb6 Qd7 16. Na5 Bxe4 17. Bxe4 Qe6 18. O-O Nxe4 19. Rfe1 d5 20. Bd4 Bxd4+ 21. cxd4 h6 22. Nc4 b5 23. Ne3 f5 24. Ra3 Qb6 25. Nc2 O-O 26. Qe3 Rfc8 27. Nb4 e6 28. Rea1 a5 29. Nd3 Rc2 30. R1a2 Kg7 31. Ne1 Rd2 32. Nd3 Rc2 33. Ne1 Rd2 34. Nf3 Rd1+ 35. Kh2 Qc7 0-1

[Event "2004 WA Championship"]
[Site "?"]
[Date "2004.08.08"]
[Round "6"]
[White "Boyd, Tristan"]
[Black "Hare, Tim"]
[Result "1-0"]
[WhiteElo "2231"]
[BlackElo "2059"]

1. e4 c5 2. Nf3 e6 3. Nc3 a6 4. d4 cxd4 5. Nxd4 Nc6 6. Be2 Nf6 7. Nxc6 bxc6 8. e5 Nd5 9. Ne4 Qc7 10. Nd6+ Bxd6 11. exd6 Qa5+ 12. c3 O-O 13. O-O f5 14. c4 Nf6 15. Bd2 Qb6 16. Bc3 a5 17. Qd4 Qxd4 18. Bxd4 Ba6 19. f3 Rfb8 20. Rab1 Kf7 21. b3 Rc8 22. Bc5 Rab8 23. Rfe1 Rb7 24. a3 h6 25. b4 axb4 26. axb4 Rbb8 27. Rec1 Ra8 28. Bd4 Ne8 29. Be5 c5 30. b5 Bb7 31. Rc2 g5 32. Kf2 Ra4 33. b6 Rc6 34. f4 g4 35. h3 Nxd6 36. Bxd6 Rxd6 37. hxg4 fxg4 38. Bxg4 Ra6 39. Rcb2 Rd4 40. Bf3 d5 41. cxd5 exd5 42. Rb5 Rxf4 43. Rxc5 Ke6 44. Rc7 Rf7 45. Rxf7 Kxf7 46. Ke3 Ke6 47. Rh1 Ra3+ 48. Kd4 Ra4+ 49. Kc3 Rc4+ 50. Kd3 Kd6 51. Rxh6+ Kc5 52. g4 Ra4 53. g5 Ra3+ 54. Ke2 Ra2+ 55. Ke1 Ra3 56. Kf2 Ra2+ 57. Kg3 Ra3 58. Kf4 Ra4+ 59. Ke5 Ra8 60. Rf6 Rg8 61. g6 Rg7 62. Kf5 Bc8+ 63. Kg5 d4 64. Rc6+ Kb5 65. Rxc8 Kxb6 66. Kf6 1-0

[Event "2004 WA Championship"]
[Site "?"]
[Date "2004.08.08"]
[Round "6"]
[White "Maris, Robert"]
[Black "Barber, Haydn"]
[Result "0-1"]
[WhiteElo "1949"]
[BlackElo "2135"]

1. d4 f5 2. g3 Nf6 3. c4 d6 4. Nf3 g6 5. Bg2 Bg7 6. O-O O-O 7. d5 c6 
8. Nc3 Qe8 9. Nd4 Bd7 10. Rb1 Na6 11. b3 Nc5 12. f3 cxd5 13. cxd5 a5 
14. a4 Rc8 15. Bb2 g5 16. e3 Qg6 17. Nde2 Qf7 18. Ba1 Na6 19. Qd2 Nb4 
20. e4 fxe4 21. fxe4 Qh5 22. Bf3 Ng4 23. Bxg4 Bxg4 24. Nd4 Bxd4+ 
25. Qxd4 Nc2 26. Qd2 Nxa1 27. Rxa1 Bh3 28. Rxf8+ Rxf8 29. Qe2 Qxe2 
30. Nxe2 Rf3 31. Rb1 Re3 32. Kf2 Rxe4 33. Rc1 Bg4 34. Nc3 Re5 
35. Rb1 Rf5+ 36. Ke3 Rf3+ 37. Kd4 Bf5 38. Rc1 Rf2 39. Rh1 Rd2+ 
40. Kc4 Bd3+ 41. Kd4 Bf1+ 42. Ke3 Rd3+ 43. Ke4 Rxc3 44. Rxf1 Rxb3 
45. Kf5 Re3 46. Kxg5 Kg7 47. Rb1 Re5+ 48. Kf4 Rxd5 49. Rxb7 Kf6 
50. Ke4 Rc5 51. Rb5 Rc4+ 0-1

[Event "2004 WA Championship"]
[Site "?"]
[Date "2004.08.08"]
[Round "6"]
[White "Ellis, David"]
[Black "Tomic, Nedeljko"]
[Result "0-1"]
[WhiteElo "2034"]
[BlackElo "1622"]

1. Nf3 f5 2. e4 fxe4 3. Ng5 Nf6 4. d3 e5 5. dxe4 Be7 6. Bc4 d5 
7. exd5 Bd6 8. Nc3 Qe7 9. O-O O-O 10. Re1 Kh8 11. Nce4 Bg4 12. f3 Bf5 
13. a4 Nbd7 14. Nxd6 cxd6 15. a5 Rac8 16. Bd3 Bxd3 17. Qxd3 Nc5 
18. Qd1 Qd7 19. c4 h6 20. Nh3 Qf5 21. Nf2 Rf7 22. Be3 Nfd7 
23. Bxc5 Nxc5 24. Ne4 Nxe4 25. Rxe4 Rfc7 26. b3 g5 27. Qe2 Rf8 
28. Qe3 Qc8 29. h4 Rf4 30. Rxf4 gxf4 31. Qe4 Rg7 32. Kf2 Qd8 
33. a6 Qxh4+ 34. Kg1 Qg5 35. Qe2 b6 36. b4 Qe7 37. Rd1 Qc7 
38. Rc1 Qc8 39. c5 bxc5 40. bxc5 h5 41. Qe1 Qh3 42. Qe2 e4 
43. fxe4 0-1

[Event "2004 WA Championship"]
[Site "?"]
[Date "2004.08.08"]
[Round "6"]
[White "Johnstone, Ray"]
[Black "Baker, Russel"]
[Result "0-1"]
[WhiteElo "1679"]
[BlackElo "1808"]

1. e4 e6 2. d4 d5 3. e5 c5 4. Qg4 Nc6 5. Nf3 Qa5+ 6. Bd2 Qb6 7. b3 cxd4 
8. Bd3 Bd7 9. O-O O-O-O 10. a4 f6 11. Bf4 g5 12. Bg3 h5 13. a5 Qc5 
14. Qh3 g4 15. Qh4 gxf3 16. exf6 fxg2 17. Re1 Bd6 18. Bxd6 Qxd6 
19. Na3 a6 20. b4 Qxb4 21. Reb1 Qf8 22. Nb5 Nxf6 23. Qg3 e5 24. Na7+ Nxa7 25. Qxe5 Nc6 26. Qg3 Rg8 27. Rxb7 Rxg3 28. Bxa6 Re8 29. hxg3 Kd8 0-1

[Event "2004 WA Championship"]
[Site "?"]
[Date "2004.08.08"]
[Round "6"]
[White "Haselgrove, Miles"]
[Black "Byrne, Stewart"]
[Result "0-1"]
[WhiteElo "1481"]
[BlackElo "2205"]

1. e4 e5 2. Nf3 Nc6 3. Bb5 a6 4. Ba4 Nf6 5. O-O Be7 6. Re1 b5 7. Bb3 d6 
8. c3 O-O 9. h3 Be6 10. d4 Bxb3 11. axb3 exd4 12. Nxd4 Nxd4 13. Qxd4 c5 
14. Qd3 d5 15. exd5 Nxd5 16. Rd1 Nf6 17. Qf3 Qb6 18. Na3 Rad8 19. Be3 Rxd1+ 20. Rxd1 Qe6 21. c4 b4 22. Nc2 Qe5 23. Bc1 Ne4 24. Ne3 g6 25. Nd5 f5 26. Qd3 Bd6 27. Bf4 Qe6 28. f3 Ng3 29. Nf6+ Qxf6 30. Bxd6 Rd8 31. Qd5+ Qf7 32. Qxf7+ Kxf7 33. Rd5 Ne2+ 34. Kf2 Nc1 35. Ke3 Nxb3 36. Be5 Rxd5 37. cxd5 c4 38. Ke2 Ke7 39. Kd1 Nc5 40. Kc2 Nd3 41. Bc7 Kd7 42. Ba5 Kd6 0-1

[Event "2004 WA Championship"]
[Site "?"]
[Date "2004.08.08"]
[Round "6"]
[White "Leonhardt, Wolfgang"]
[Black "Dunlop, Gordon"]
[Result "0-1"]
[WhiteElo "1991"]
[BlackElo "1768"]

1. d4 d5 2. Nf3 e6 3. c4 Be7 4. Nc3 Nf6 5. Bg5 O-O 6. e3 h6 7. Bh4 b6 
8. cxd5 Nxd5 9. Bxe7 Nxe7 10. Be2 Bb7 11. O-O Nd7 12. Qa4 c5 13. Rfd1 Nd5 14. Rac1 cxd4 15. Nxd5 Bxd5 16. Rxd4 Nc5 17. Qa3 Ne4 18. Bd3 Ng5 
19. Ne5 Rc8 20. Rd1 Qc7 21. f4 Nh7 22. Bb1 Nf6 23. Qd3 g6 24. e4 Bxe4 
25. Rxe4 Nxe4 26. Qxe4 Qc5+ 27. Kf1 Rfd8 28. Rxd8+ Rxd8 29. Ke2 Qb5+ 
30. Kf3 Qxb2 31. Qb7 Qc3+ 32. Kg4 h5+ 33. Kg5 Rf8 34. Qe7 Qc8 35. Kh6 Qd8 36. Qxa7 Qf6 37. Nxg6 Qg7+ 38. Kg5 f6+ 0-1

[Event "2004 WA Championship"]
[Site "?"]
[Date "2004.08.08"]
[Round "6"]
[White "Lakner, Jay"]
[Black "McCamon, Boyd"]
[Result "1-0"]
[WhiteElo "2003"]
[BlackElo "2145"]

1. g3 d5 2. f4 h5 3. h3 Nf6 4. d3 Nc6 5. Nf3 Qd6 6. c3 h4 7. g4 e5 8. fxe5 Nxe5 9. Nxe5 Qxe5 10. Qa4+ Bd7 11. Qf4 Qe6 12. Qe3 Bd6 13. Qxe6+ fxe6 14. Bg2 Bg3+ 15. Kd1 O-O-O 16. Bg5 c5 17. Nd2 Bc6 18. Rf1 Rdf8 19. Kc2 e5 20. c4 dxc4 21. Bxc6 cxd3+ 22. exd3 bxc6 23. Bxf6 gxf6 24. Ne4 Bf4 25. Nxc5 Re8 26. Rae1 Rhf8 27. Ne6 Rxe6 28. Rxf4 exf4 29. Rxe6 f5 30. g5 Rg8 31. g6 f3 32. Kd2 Kd7 33. Rf6 Ke7 34. Rxc6 f4 35. b4 Rb8 36. g7 Kf7 37. Rc4 f2 38. Rxf4+ Kxg7 39. Ke2 a5 40. a3 axb4 41. axb4 Kg6 42. Kxf2 Kg5 43. Rg4+ Kh5 44. Ke3 Rb7 45. Re4 Rg7 46. Re5+ Kh6 47. Kd4 Rg8 48. b5 Rg3 49. Re3 Rg8 50. Re6+ Kg7 51. b6 Rb8 52. Kc4 Rd8 53. Kc5 Rc8+ 54. Kd6 Rc3 55. Re3 Kf6 56. b7 Rb3 57. Rf3+ Kg5 58. Kc7 Rc3+ 59. Kb8 Rb3 60. Kc8 Rc3+ 61. Kd7 Rb3 62. Kc6 Rc3+ 63. Kd5 Rb3 64. Rf7 Rxd3+ 65. Kc4 Rd8 66. Kc5 Kg6 67. Rf4 1-0

[Event "2004 WA Championship"]
[Site "?"]
[Date "2004.08.08"]
[Round "6"]
[White "Hardegen, Andrew"]
[Black "Janceski, Alex"]
[Result "1/2-1/2"]
[WhiteElo "1892"]
[BlackElo "1600"]

1. d4 Nf6 2. c4 g6 3. Nc3 Bg7 4. e4 d6 5. Nf3 Nbd7 6. Be2 O-O 7. O-O c6 8. Rb1 a6 9. b4 b5 10. c5 Ne8 11. Qc2 dxc5 12. dxc5 Qc7 13. Be3 a5 14. a3 Ne5 15. Nxe5 Qxe5 16. Rfc1 axb4 17. axb4 Be6 18. f4 Qc7 19. Ra1 Nf6 20. e5 Nd5 21. Nxd5 Bxd5 22. Bd4 f6 23. Qc3 fxe5 24. Bxe5 Bxe5 25. fxe5 e6 26. Rxa8 Rxa8 27. Ra1 Qb7 28. Ra3 Rf8 29. Qd4 Qe7 30. Qe3 Qh4 31. Bf3 Qxb4 32. Ra7 Qb1+ 33. Kf2 Qc2+ 34. Kg3 Bxf3 35. gxf3 Qf5 36. Rc7 Rf7 37. Rxc6 Rd7 38. Rd6 Rc7 39. c6 b4 40. Rd8+ Kf7 41. Qd4 Qg5+ 42. Kf2 Qe7 43. Rd6 b3 44. Qb4 b2 45. Qxb2 Qh4+ 46. Kg2 Qg5+ 47. Kf1 Qe3 48. Kg2 Qg5+ 49. Kf1 Qe3 50. Kg2 Qg5+ 1/2-1/2

[Event "2004 WA Championship"]
[Site "?"]
[Date "2004.08.08"]
[Round "6"]
[White "Shaw, Robin"]
[Black "Kueh, Michael"]
[Result "1-0"]
[WhiteElo "1669"]
[BlackElo "1872"]

1. e4 Nc6 2. d4 d5 3. e5 f6 4. f4 Nh6 5. Nf3 Bg4 6. Be2 Nf5 7. c3 e6 8. O-O Be7 9. h3 Bxf3 10. Rxf3 fxe5 11. fxe5 O-O 12. Be3 Bh4 13. Bf4 Bg5 14. Bxg5 Qxg5 15. Qd2 Qxd2 16. Nxd2 h5 17. Raf1 h4 18. Bd3 Nce7 19. R1f2 g5 20. b4 Kg7 21. Nf1 Rh8 22. g4 Nh6 23. Rf6 Rae8 24. Ne3 Neg8 25. Rxe6 Rxe6 1-0 (moves incorrect)

[Event "2004 WA Championship"]
[Site "?"]
[Date "2004.08.08"]
[Round "6"]
[White "Payne, Sophie"]
[Black "Lockwood, Tom"]
[Result "1-0"]
[WhiteElo "1681"]
[BlackElo "1691"]

1. e4 c6 2. d4 d5 3. e5 Bf5 4. c3 e6 5. Nf3 Nd7 6. Be2 c5 7. O-O cxd4 8. cxd4 Ne7 9. Nc3 Nc6 10. a3 Nb6 11. Ne1 Rc8 12. g4 Bg6 13. f4 h6 14. f5 Bh7 15. Ng2 Nxd4 16. Bb5+ Nxb5 17. Nxb5 Bc5+ 18. Kh1 exf5 19. gxf5 Qd7 20. Nd6+ Bxd6 21. exd6 O-O 22. f6 g5 23. Qh5 Kh8 24. Qxh6 Rg8 25. Bd2 Rc2 26. Bc3 Qg4 27. Rg1 Nd7 28. Rae1 Qf5 29. Qg7+ Rxg7 30. fxg7+ Kg8 1-0

[Event "2004 WA Championship"]
[Site "?"]
[Date "2004.08.08"]
[Round "6"]
[White "Whitehead, Paul"]
[Black "Maris, Natalie"]
[Result "1/2-1/2"]
[WhiteElo "1654"]
[BlackElo "1592"]

1. d4 Nf6 2. c4 e6 3. Nc3 b6 4. e4 Bb7 5. Bd3 Bb4 6. Qc2 h6 7. Ne2 O-O 8. Bd2 c5 9. e5 Ng4 10. Be4 Nc6 11. h3 Nxf2 12. Kxf2 cxd4 13. Nb5 Bxd2 14. Qxd2 Qh4+ 15. Ng3 f5 16. Bxc6 Bxc6 17. Rhf1 f4 18. Nxd4 Qxg3+ 19. Kg1 Bb7 20. Rac1 Rad8 21. Rc3 Qg5 22. Nf3 Bxf3 23. Rcxf3 Qxe5 24. Rxf4 Rxf4 25. Rxf4 b5 26. Rg4 Kh8 27. Qa5 Qc5+ 28. Kh1 Rb8 29. Qc3 e5 30. b4 Qc7 31. Qd3 bxc4 32. Rxc4 Qb7 33. Qd6 e4 34. Rxe4 Qxe4 35. Qxb8+ Kh7 36. Qxa7 Qxb4 37. a4 d5 38. a5 d4 39. a6 Qe1+ 40. Kh2 Qe5+ 41. Kg1 d3 42. Qf2 Qa1+ 43. Qf1 Qxa6 44. Qf4 Qb6+ 45. Qf2 Qb1+ 46. Qf1 Qxf1+ 47. Kxf1 Kg6 48. Kf2 h5 49. Ke3 Kf5 50. g3 1/2-1/2

[Event "2004 WA Championship"]
[Site "?"]
[Date "2004.08.08"]
[Round "6"]
[White "Benken, Dieter"]
[Black "Markou, Victor"]
[Result "0-1"]
[WhiteElo "1159"]
[BlackElo "1506"]

1. e4 c5 2. c3 d6 3. d4 cxd4 4. cxd4 Nf6 5. Nc3 g6 6. Nf3 Bg7 7. Bd3 O-O 8. h3 Nc6 9. Be3 a6 10. a3 b5 11. b4 Bb7 12. O-O Rc8 13. Rc1 e6 14. Re1 Nd7 15. Qd2 Re8 16. Bb1 Nb6 17. Ba2 Ne7 18. Qd3 Nc4 19. Bxc4 Rxc4 20. Nd2 Rc7 21. Nb3 Qd7 22. Re2 Rec8 23. Rec2 f5 24. exf5 exf5 25. f3 Nd5 26. Nxd5 Bxd5 27. Rxc7 Rxc7 28. Rxc7 Qxc7 29. Nd2 Kf7 30. Nb1 Bc4 31. Qc2 d5 32. Nd2 Ke6 33. f4 Qe7 34. Nf3 Kd6 35. Kf2 Qe4 36. Qxe4 dxe4 37. Ne5 Be6 38. h4 Bxe5 39. dxe5+ Kd5 40. Bd2 Kc4 41. Ke2 Kb3 42. Bc1 Kc2 43. Bd2 Kb2 44. Ke3 Kxa3 45. Kd4 Kb3 46. Kc5 Kc2 47. Be3 Kd3 48. Kd6 Bc4 49. Bc5 e3 50. Bxe3 Kxe3 51. e6 Bxe6 52. Kxe6 Kd4 53. g4 Ke4 
54. gxf5 gxf5 55. Kf6 Kxf4 56. h5 a5 57. Ke6 Kg4 58. Kd5 f4 59. Kd6 Kg3 0-1

[Event "2004 WA Championship"]
[Site "?"]
[Date "2004.08.08"]
[Round "6"]
[White "Walker, Colin"]
[Black "Klimczak, Joe"]
[Result "1-0"]
[WhiteElo "1372"]
[BlackElo "1398"]

1. e4 c5 2. Nf3 d6 3. d4 cxd4 4. Nxd4 Nf6 5. Nc3 a6 6. Be2 e6 7. O-O Be7 8. Nf3 Nc6 9. a3 O-O 10. Re1 Qc7 11. Bd3 b5 12. Na2 Rb8 13. b3 e5 14. Bb2 h6 15. b4 Bg4 16. h3 Be6 17. Nc3 Nh5 18. Nxe5 Nxe5 19. Qxh5 Nxd3 20. cxd3 Qd8 21. Nd5 Bg5 22. Ne3 Rc8 23. Qe2 Rc7 24. Rac1 Qd7 25. Rxc7 Qxc7 26. Rc1 Qd7 27. Rc2 Re8 28. f3 f5 29. Qf2 fxe4 30. dxe4 Rf8 31. Rd2 Rc8 32. h4 Bd8 33. Nd5 Rb8 34. Kh1 Qf7 35. Qg3 Bxd5 36. Rxd5 Be7 37. Rf5 Bxh4 38. Qxh4 Qe6 39. Qg4 g5 40. Rf8+ 1-0

[Event "2004 WA Championship"]
[Site "?"]
[Date "2004.08.08"]
[Round "6"]
[White "Hessing, Rod"]
[Black "Maris, Fred"]
[Result "1-0"]
[WhiteElo "1675"]
[BlackElo "1564"]

1. f4 d5 2. b3 Bf5 3. Nf3 Nf6 4. e3 e6 5. Bb2 Be7 6. Be2 O-O 7. O-O Nbd7 8. Nh4 Bg6 9. Nxg6 fxg6 10. Bg4 Nxg4 11. Qxg4 Kf7 12. Nc3 Bf6 13. Rae1 Qe7 14. d4 a6 15. Nb1 Rac8 16. Nd2 c5 17. c4 Kg8 18. e4 dxe4 19. Rxe4 Bxd4+ 20. Bxd4 cxd4 21. Qxe6+ Qxe6 22. Rxe6 Rf6 23. Re7 Nc5 24. g3 Re6 25. Rxe6 Nxe6 26. Re1 Kf7 27. Nf3 Rd8 28. Kf2 Kf6 29. Ne5 g5 30. fxg5+ Nxg5 31. h4 Ne6 32. Nd3 b6 33. Rf1 Nc5 34. Ke2+ Ke6 35. Rf4 a5 36. g4 h6 37. Rf5 Nxd3 38. Kxd3 g6 39. Rf4 h5 40. g5 Ke5 41. Rf7 Rd6 42. a3 Re6 43. b4 axb4 44. axb4 Rd6 45. Re7+ Kf4 46. Re4+ Kg3 47. Rxd4 Re6 48. c5 bxc5 49. bxc5 Rc6 50. Kc4 Rc8 51. Kb5 Rf8 52. c6 Rf1 53. Kc5 Rc1+ 54. Kd6 Kf3 55. c7 Ke3 56. Rb4 Rd1+ 57. Kc6 Rc1+ 58. Kb7 1-0

[Event "2004 WA Championship"]
[Site "?"]
[Date "2004.08.08"]
[Round "6"]
[White "Viswanath, Ganesh"]
[Black "Lubtschenko, Wally"]
[Result "0-1"]
[WhiteElo "1575"]
[BlackElo "1663"]

1. Nf3 Nf6 2. d4 d5 3. Bg5 Nc6 4. c4 h6 5. Bh4 g5 6. Bg3 Bg7 7. Nc3 Be6 
8. h3 O-O 9. a3 Ne4 10. Bh2 Nxc3 11. bxc3 Na5 12. cxd5 Bxd5 13. e3 c5 
14. Bd3 cxd4 15. exd4 Qc8 16. Rc1 Nb3 17. Rc2 Na5 18. Qe2 Qc6 19. Ne5 Bxe5 20. Bxe5 Bxg2 21. Rg1 Bf3 22. Qe3 f6 23. Bh2 b5 24. Bf5 Kg7 25. h4 Nc4 26. Qd3 e6 27. Rg3 Bd5 28. hxg5 exf5 29. gxh6+ Kh8 30. f3 Rae8+ 31. Re2 Rxe2+ 32. Kxe2 Qe6+ 33. Kf2 Nxa3 34. Rg7 Bc4 35. Qd1 Re8 36. Qg1 Qe2+ 37. Kg3 Bd5 38. Kh4 Qe1+ 39. Kh5 Bxf3+ 0-1

[Event "2004 WA Championship"]
[Site "?"]
[Date "2004.08.08"]
[Round "6"]
[White "Fedec, John"]
[Black "Saxon, Marc"]
[Result "1-0"]
[WhiteElo "1714"]
[BlackElo "1617"]

1. e4 d6 2. d4 g6 3. Nc3 Bg7 4. Be3 Nd7 5. f4 a6 6. Nf3 c5 7. h3 b5 8. a3 Bb7 9. Bd3 Qb6 10. Be2 Rd8 11. O-O Ngf6 12. d5 b4 13. axb4 Qxb4 14. e5 Qxb2 15. Na4 Qb4 16. Bd2 Qe4 17. Nc3 Qf5 18. Nh4 1-0

[Event "2004 WA Championship"]
[Site "?"]
[Date "2004.08.08"]
[Round "6"]
[White "Zylstra, Peter"]
[Black "Taylor, Paul"]
[Result "1/2-1/2"]
[WhiteElo "1263"]
[BlackElo "610"]

1. e4 c5 2. g3 d5 3. e5 e6 4. Nf3 g6 5. d4 Nc6 6. Bb5 Qb6 7. Bxc6+ bxc6 8. c3 Ba6 9. Qc2 Bh6 10. Na3 Bxc1 11. Qxc1 Rb8 12. b3 h5 13. c4 cxd4 14. O-O Ne7 15. Rd1 Nf5 16. Qf4 Qc5 17. Nc2 dxc4 18. Nfxd4 Nxd4 19. Qxd4 Qxd4 20. Nxd4 Bb5 21. bxc4 Bxc4 22. Rdc1 Bd5 23. Nxc6 Bxc6 24. Rxc6 O-O 25. Rc7 Rb5 26. f4 Ra5 27. Rb7 f5 28. Rd1 Rxa2 29. Rdd7 Rc8 30. Rg7+ Kh8 31. Rh7+ Kg8 32. Rbg7+ 1/2-1/2

[Event "2004 WA Championship"]
[Site "?"]
[Date "2004.08.08"]
[Round "6"]
[White "Jahangirian, Mohammad"]
[Black "Humphries, Ryan"]
[Result "1-0"]
[WhiteElo "1700"]
[BlackElo "1431"]

1. e4 c5 2. Nf3 d6 3. d4 cxd4 4. Nxd4 Nf6 5. Nc3 g6 6. Be2 Bg7 7. Be3 O-O 8. g4 Nc6 9. g5 Nd7 10. h4 Qa5 11. Qd2 Qb4 12. O-O-O Nxd4 13. Bxd4 Bxd4 14. Qxd4 Qxd4 15. Rxd4 Nc5 16. Nd5 e5 17. Nf6+ Kg7 18. Rxd6 Be6 19. b3 Rfd8 20. Rhd1 Rxd6 21. Rxd6 Rc8 22. Kb2 Rc7 23. Ne8+ 1-0

[Event "2004 WA Championship"]
[Site "?"]
[Date "2004.08.08"]
[Round "6"]
[White "Bailye, Ron"]
[Black "McMahon, Denis"]
[Result "0-1"]
[WhiteElo "1290"]
[BlackElo "1629"]

1. e4 d5 2. exd5 Nf6 3. Nf3 Bg4 4. Be2 Nxd5 5. d4 Nc6 6. c3 e6 7. O-O Bd6 8. h3 Bh5 9. Bg5 f6 10. Bh4 g5 11. Bg3 Bxg3 12. fxg3 Qd6 13. g4 Bg6 14. Qd2 O-O-O 15. Na3 h5 16. Nc4 Qg3 17. Qe1 Qxe1 18. Nxe1 hxg4 19. Bxg4 f5 20. Bd1 b5 21. Nd2 Ne3 22. Rf2 e5 23. dxe5 Nxe5 24. Bb3 g4 25. Nf1 N5c4 26. Nxe3 Nxe3 27. hxg4 Nxg4 28. Rf3 Rh5 29. Rh3 Rxh3 30. gxh3 Ne3 31. Nf3 Bh5 32. Nd4 Be8 33. Kf2 f4 34. Ne6 Rd2+ 35. Kf3 Bc6+ 36. Kxf4 Ng2+ 37. Kg3 Ne3 38. Nd4 Bd7 39. Re1 c5 40. Nxb5 Nf5+ 41. Kf4 Rf2+ 42. Ke5 Bxb5 43. c4 Bc6 44. Bd1 Kc7 45. Re2 Rf1 46. Rd2 Nd4 47. Rd3 Rf5# 0-1